Macroeconomía (Registro nro. 6769)

Detalles MARC
000 -CABECERA
campo de control de longitud fija 01494nam a2200265Ia 4500
008 - CÓDIGOS DE INFORMACIÓN DE LONGITUD FIJA
fixed length control field 130821s1991 mx ad gr spa
020 ## - NÚMERO INTERNACIONAL NORMALIZADO PARA LIBROS
ISBN 9684229704
040 ## - Fuente de catalogación
Agencia original de catalogación CO-JMCR
Agencia de transcripción CO-JMCR
041 1# - CÓDIGO DE LENGUA
Código idioma spa
Language code of original eng
082 04 - NÚMERO DE LA CLASIFICACIÓN DECIMAL DEWEY
Número de clasificación Decimal 339 /
Edition number 20
Número de documento (Cutter) D617m
100 1# - PUNTO DE ACCESO PRINCIPAL-NOMBRE DE PERSONA
Nombre personal Diulio, Eugene A
Término de función/relación autor
9 (RLIN) 8048
245 10 - TÍTULO PROPIAMENTE DICHO
Título Macroeconomía
Mención de responsabilidad, etc. Eugene A. Dulio ; Traductor Julio S. Coro Pando
250 ## - DECLARACIÓN DE EDICIÓN
Declaración de edición Segunda edición
260 ## - PUBLICACIÓN, DISTRIBUCIÓN, ETC. (PIE DE IMPRENTA)
Lugar de publicación, distribución, etc. México D.F. :
Nombre del editor, distribuidor, etc. McGraW-Hill,
Fecha de publicación, distribución, etc. 199.
300 ## - DESCRIPCIÓN FÍSICA
Extensión x, 340 páginas :
Otros detalles físicos ilustraciones, gráficos a blanco y negro ;
Dimensiones 24 cm.
505 0# - NOTA DE CONTENIDO FORMATADO
Nota de contenido formateada Introducción al análisis macroeconómico -- Medición de la producción agregada -- Modelo del gasto del sector privado -- Un modelo de gasto de cuatro sectores -- Modelo IS-LM -- Política monetaria y fiscal en el modelo IS-LM -- Equilibrio en los mercados de dinero y de mercancías en una economía abierta -- Cuevas de demanda agregada y ofertada agregada -- Análisis de la oferta y la demanda agregadas -- Demanda agregada, oferta agregada e inflación -- La oferta y la demanda de dinero -- Consumo -- Teorías de inversión
520 0# - RESUMEN, ETC.
Resumen,etc. Esta obra presenta en forma clara y sistemática la esencia de la teoría macroeconómica impartida en cursos básicos e intermedios.
546 ## - LANGUAGE NOTE
Language note Traducida del Inglés.-
650 14 - TÉRMINO DE MATERIA
9 (RLIN) 8049
650 24 - TÉRMINO DE MATERIA
9 (RLIN) 8050
650 24 - TÉRMINO DE MATERIA
9 (RLIN) 8051
700 1# - AUTOR SECUNDARIO - PERSONA
Nombre de persona Coro Pando, Julio
9 (RLIN) 5089
Existencias
Withdrawn status Lost status Source of classification or shelving scheme Damaged status Not for loan Home library Current library Shelving location Date acquired Coded location qualifier Total Checkouts Full call number Barcode Date last seen Copy number Price effective from Koha item type
    Dewey Decimal Classification     Biblioteca Pública José María del Castillo y Rada Biblioteca Pública José María del Castillo y Rada General Stacks 04/15/2018 $0.   339 / D617m 201809946 05/16/2024 Ej.1 04/15/2018 Books